Statistiken für Verpixelte Filmplakate 1

Klicken Sie hier um das Quiz zu spielen!

Allgemein

  • Dieses Quiz wurde 2.023 mal gespielt
  • Das Durchschnittsergebnis liegt bei 16 aus 24

Antwortstatistiken

Antwort% Korrekt
Barbie
98%
Shrek
97%
Kevin - Allein zu Haus
96%
Harry Potter und der Stein der Weisen
88%
Der weiße Hai
86%
The Matrix
84%
Forrest Gump
82%
Jurassic Park
82%
The Terminator
80%
E.T. – Der Außerirdische
79%
Findet Nemo
79%
The Avengers
78%
Zurück in die Zukunft
78%
Die Tribute von Panem
75%
Indiana Jones und der letzte Kreuzzug
69%
Der Schuh des Manitu
65%
Das Schweigen der Lämmer
53%
Tomb Raider
52%
Pulp Fiction
49%
Der Herr der Ringe: Die Rückkehr des Königs
43%
Die Mumie
39%
Titanic
32%
Krieg der Sterne: Die Rückkehr der Jedi-Ritter
28%
Psycho
9%

Verteilung der Resultate

Perzentil nach korrekt beantworteten Fragen

Anzahl Personen mit jedem Resultat

Ihre Resultats-Entwicklung

Sie haben dieses Quiz noch nicht gespielt